|
|
|
|
| LEADER |
00000nab a2200000 a 4500 |
| 001 |
vtls001505820 |
| 003 |
SK-MaSNL |
| 005 |
20260304010537.0 |
| 008 |
050227s1999 xo 000 0 slo |
| 035 |
|
|
|a SPKCL8147
|
| 040 |
|
|
|a SPKCL
|b slo
|c SNKBUCL
|d ÚIP-SPK(EK)
|e AACR2
|
| 041 |
|
|
|a slo
|
| 044 |
|
|
|a xo
|c SK
|
| 080 |
|
|
|a 617.751:616-08
|2 1981
|
| 100 |
1 |
|
|a Furdová, Alena,
|d 1963-
|4 aut
|9 209798
|
| 245 |
1 |
0 |
|a Škúlenie - strabizmus
|c Alena Furdová
|
| 650 |
0 |
7 |
|a strabizmus
|2 snkbucl
|9 2601
|
| 650 |
0 |
7 |
|a tyflopédia
|2 snkbucl
|9 30336
|
| 650 |
0 |
7 |
|a deti
|2 snkbucl
|9 773
|
| 650 |
0 |
7 |
|a zrakovo postihnuté osoby
|2 snkbucl
|9 1168
|
| 773 |
1 |
|
|t Rodina a škola : mesačník pre rodičov a učiteľov
|g Roč. 47, č. 2 (1999) s. 26. Dokonč
|
| 850 |
|
|
|a Slovenská pedagogická knižnica Bratislava
|
| 852 |
|
|
|a SPKCL
|b KIS3GCP
|b 000710000
|n SK
|
| 999 |
|
|
|c 2561452
|d 2563382
|